02499nam a22002657a 45000010005000000030006000050050017000110080041000280200018000690400029000870500008001160820010001241000014001342450100001482600076002483000050003244900071003745050008004455200953004535200632014065210029020385210020020676500091020876500055021788906FISKH20251030162718.0251030b cb ||||| |||| 00| 0 eng d a9789996389238 aFISKHbkhrcFISKHdFISKH aPZ7 a398.2 aAnonymous aឈ្មួញអំបិលនិងលា :bThe salt trade and the donkey / cBy Anonymous aPhnom Penh : bក្រុមហ៊ុន អផ្សុក , c2015. a12 pages : bcolor illustrations ; c21 cm .  aនិទានអប់រំសម្រាប់កុមារ aJ  aមានឈ្មួញម្នាក់តែងតែដាក់អំបិលនៅលើខ្នងលាហើយយកទៅលក់នៅក្រុង ។​ ថ្ងៃមួយលាបានដើរឆ្លងអូរក៏ជំពប់ជើងធ្វើអោយអំបិលរលាយជិតអស់ ៕​ ពេលក្រោកឡើងវាចម្លែកចិត្តហេតុអីក៏ស្រាលខ្លួន ។ ក្រោយមកលាតែងតែបន្លំធ្វើដួលពេលឆ្លងអូរ តែឈ្មួញដឹងល្បិចនេះក៏យកសំឡីញ៉ាត់ចូលការុង ពេលឆ្លងអូលាក៏ធ្វើពុតរអិលដូចលើកមុន​។ ចាប់ពីពេលនោះមក លាក៏រៀងចាលលែងហ៊ានធ្វើដូចនេះទៀត ។​  aThere was once a merchant who always loaded salt onto his donkey’s back to take and sell in the city. One day, while crossing a stream, the donkey slipped and fell into the water, causing most of the salt to dissolve. When it got up, it was surprised to find its load much lighter. After that, the donkey often pretended to fall whenever it crossed the stream. But the merchant discovered its trick and decided to fill the sacks with cotton instead. When the donkey slipped into the water again as before, the cotton absorbed the water and became very heavy. From that day on, the donkey never dared to play that trick again.8 a500 bLexile estimate 8 aJ bRaz-Plus  aលានិងឈ្មួញអំបិលvរឿងនិទានកុមារ aThe salt trade and the donkeyvChildren's Stories